| 000 | 00677nam a2200205 i 4500 | ||
|---|---|---|---|
| 001 | 82724 | ||
| 003 | ES-MaACL | ||
| 007 | t| | ||
| 008 | 041111s1973 mx ||||1| spa d | ||
| 100 | 1 |
_aInclán, Luis G. _965243 |
|
| 245 | 1 | 0 |
_aAstucia, el jefe de los hermanos de la hoja o los charros contrabandistas de la rama / _cLuis G. Inclán ; prólogo de Salvador Novo. |
| 250 | _a3ª ed. | ||
| 260 |
_aMéxico : _bPorrúa, _c1973. |
||
| 300 |
_aXIX, 540 p. ; _c22 cm. |
||
| 490 | 1 |
_aSepan cuantos... ; _v63 |
|
| 700 | 1 |
_aNovo, Salvador, _d1904-1974 _986083 |
|
| 830 | 0 | 0 |
_aSepan cuantos_ _v63 _9180801 |
| 852 |
_aES-MaACL _jE-9390 _bR.93826 |
||
| 999 |
_c82724 _d82724 |
||